[Event "SuperChess Cup Blitz 2019"]
[Site "Bucharest"]
[Date "2019.11.09"]
[Round "6.2"]
[White "Deac, Bogdan-Daniel"]
[Black "Cosma, Elena-Luminita"]
[Result "1-0"]
[WhiteElo "2544"]
[BlackElo "2199"]
[Annotator "TA"]
[PlyCount "58"]
[EventDate "2019.11.06"]
[EventType "tourn"]
[EventCountry "ROU"]
[SourceTitle "playchess.com"]
[Source "ChessBase"]
[SourceQuality "1"]

{[%evp 9,58,0,50,39,50,7,0,0,7,-4,20,-60,-54,-65,-43,-141,104,104,102,106,146,137,169,180,163,166,169,134,156,157,160,160,413,420,412,421,761,611,746,401,382,365,339,327,323,334,376,368,378,373,393]} 1. e3 d5 2. c4 e6 3. Nf3 Nf6 4. Nc3 b6 5. d4 dxc4 (5... Bb7 6. Bd3 Bd6 7. O-O dxc4 8. Bxc4 O-O 9. Nb5 Be7 10. b3 Nbd7 11. Bb2 a6 12. Nc3 b5 13. Be2 c5 14. Rc1 Qb6 15. dxc5 Nxc5 {0-1 (35) Cori,J (2686)-Vidit,S (2703) Biel 2019}) 6. Bxc4 {D35: Queen's Gambit Declined: Exchange Variation} a6 7. Qc2 Bb7 8. e4 $146 {The position is equal.} ({Predecessor:} 8. Be2 c5 9. O-O Nbd7 10. Rd1 Rc8 11. a3 Qc7 12. h3 cxd4 13. exd4 Bd6 {½-½ (46) Lukasevicius,P (2179)-Gurmen,A ICCF email 2004}) 8... b5 9. Bd3 Nc6 10. Nxb5 ({White should play} 10. Qe2 $11) 10... axb5 11. Bxb5 Bb4+ 12. Kf1 (12. Bd2 $15 Bxd2+ 13. Nxd2) 12... O-O $2 {[#]} (12... Qd7 $17 {keeps the pressure on. Hoping for ...0-0.} 13. d5 exd5) 13. Bxc6 $16 Bxc6 14. Qxc6 Rb8 15. Bg5 Be7 16. b3 Rb6 17. Qc2 Qa8 18. h4 ({Of course not} 18. Qxc7 $6 Bd8 $14) 18... Qa6+ 19. Kg1 Rc6 20. Qd1 Ba3 $2 (20... h6 $16 {was called for.}) 21. Bxf6 $18 gxf6 22. Qd2 Qb6 (22... e5 $142 23. Rh3 Kh8 24. dxe5 Re6 25. exf6 Rxf6) 23. Rh3 Kh8 24. Qh6 e5 25. Rg3 {[%csl Gg3][%cal Rh6g7] [#]} Rg8 26. Rxg8+ Kxg8 27. dxe5 {Threatens to win with Rd1.} fxe5 28. Qg5+ Rg6 29. Qxe5 Bd6 {Accuracy: White = 53%, Black = 30%.} 1-0

[Event "SuperChess Cup Blitz 2019"]
[Site "Bucharest"]
[Date "2019.11.09"]
[Round "6.3"]
[White "Peptan, Corina-Isabela"]
[Black "Istratescu, Andrei"]
[Result "1/2-1/2"]
[WhiteElo "2334"]
[BlackElo "2604"]
[Annotator "TA"]
[PlyCount "129"]
[EventDate "2019.11.06"]
[EventType "tourn"]
[EventCountry "ROU"]
[SourceTitle "playchess.com"]
[Source "ChessBase"]
[SourceQuality "1"]

{[%evp 13,129,-23,-21,-14,-15,-16,-15,-39,-70,-43,-8,-42,-43,-53,-18,-37,0,-5,0,0,0,-4,22,11,14,-76,0,-20,-23,-53,0,-27,-19,-10,10,12,12,0,49,0,0,-16,53,-39,0,0,0,0,0,0,0,-29,0,0,0,0,24,0,4,4,8,8,15,8,8,8,8,10,12,22,15,8,58,57,84,64,80,77,85,27,576,553,512,485,731,695,626,604,604,597,597,587,569,528,506,485,429,396,348,205,12796,0,0,0,0,0,0,0,0,0,0,0,0,0,0,0,0,0]} 1. d4 g6 2. Nf3 Bg7 3. e4 c5 4. d5 d6 5. h3 Nf6 6. Nc3 O-O 7. Be2 b5 8. Nxb5 {A43: Schmid Benoni} Nxe4 9. O-O Nd7 10. a4 $146 ({Predecessor:} 10. Bd3 a6 11. Na3 f5 12. c3 Ndf6 13. Ng5 h6 14. Nxe4 fxe4 15. Bc4 g5 {0-1 (29) Karavade,E (2386)-Zvjaginsev,V (2629) Moscow 2018}) 10... a6 11. Na3 Nef6 12. Nc4 Bb7 13. Ne3 Nb6 {[%cal Rb6d5]} 14. c4 a5 15. Qc2 e5 16. dxe6 fxe6 17. Ra3 Bc6 18. Rd1 Qe7 19. Ra2 (19. Ng5 $11) 19... Rfd8 (19... Be4 $17 20. Qd2 d5 21. cxd5 exd5) 20. Bd2 d5 21. Ne5 Be8 (21... Bb7 $15) 22. N3g4 Nxg4 23. Nxg4 Nxc4 (23... h5 $5 {[%cal Rh5g4]} 24. Ne3 (24. Nh6+ $2 Kh7 $19) 24... Bd4 $11) 24. Bxc4 dxc4 25. Re1 Rd3 26. Ne3 Bc6 {Black wants to play ...Qg5.} 27. Nxc4 Rdd8 (27... Qd8 $11 28. Ra3 (28. Rxe6 Bxg2 {[%mdl 64] Decoy} 29. Kxg2 Qd5+ {[%mdl 64] Double Attack} 30. Kf1 Rd4 $17) 28... Rxa3 29. bxa3 Bd4) 28. Bf4 (28. Ra3 $14) 28... Bd5 29. b3 Qb7 30. f3 Bd4+ 31. Kh2 Rf8 32. Be5 (32. Bg3 {feels hotter.} Rab8 33. Rb1 Qa8 34. Qc1 Rb4 35. Rc2) 32... Bxe5+ ({Black should try} 32... Qb4 33. Qb1 Bxc4 34. Bxd4 Bd3 35. Qxd3 Qxe1) 33. Rxe5 $11 Qc7 {Hoping for ...Bxc4.} 34. Qc3 Rf5 {Threatens to win with ...Bxc4.} 35. Rae2 Bxc4 36. bxc4 Rd8 37. Kg1 Rd1+ 38. Kf2 Rxe5 $1 39. Qxe5 Qxe5 40. Rxe5 {[%mdl 4096] Endgame KR-KR} Ra1 41. Rxc5 Rxa4 42. Ke3 Ra2 43. g4 a4 44. Ra5 Kf7 45. Kf4 $1 h6 {[#]} 46. Ke5 ({White should play} 46. h4 $1 $16) 46... a3 $2 {[%mdl 8192]} (46... Re2+ $11 47. Kd4 Rf2) 47. Ra7+ $18 Ke8 48. Kxe6 {[%cal Ra7a8]} Kd8 (48... Re2+ $142 49. Kf6 Re3) 49. Kf6 g5 50. Kg6 Rh2 51. Rxa3 Rxh3 52. Re3 Kd7 53. Kg7 Kd6 54. Rd3+ Kc5 55. Rc3 h5 56. gxh5 g4 $2 {[#]} (56... Rxh5 57. Kg6 Rh3) 57. h6 $2 ({Only move:} 57. fxg4 $3 $18 {[%mdl 512]} Rxc3 58. g5) 57... gxf3 $11 {White must now prevent ...Rg3+.The position is equal.} 58. Rc1 Rg3+ 59. Kf7 f2 60. Rf1 Rf3+ 61. Kg7 Kxc4 62. h7 Rg3+ 63. Kf7 Rh3 64. Rxf2 Rxh7+ 65. Kg6 {Accuracy: White = 47%, Black = 46%.} 1/2-1/2

[Event "SuperChess Cup Blitz 2019"]
[Site "Bucharest"]
[Date "2019.11.09"]
[Round "6.4"]
[White "Parligras, Mircea-Emilian"]
[Black "David, Alexandru-Vasile"]
[Result "1/2-1/2"]
[WhiteElo "2458"]
[BlackElo "2361"]
[Annotator "TA"]
[PlyCount "217"]
[EventDate "2019.11.06"]
[EventType "tourn"]
[EventCountry "ROU"]
[SourceTitle "playchess.com"]
[Source "ChessBase"]
[SourceQuality "1"]

{[%evp 22,217,22,11,27,10,40,8,32,27,29,36,56,50,62,54,55,0,0,0,7,12,42,10,12,0,0,0,0,-14,-13,-13,-13,-7,-8,-18,-26,-23,-24,-12,-19,-284,-243,-243,-256,-389,-413,-373,-329,-596,-804,-623,-458,-450,-447,-371,-24,-29,-35,-29,0,0,0,0,0,0,0,0,0,-70,-69,-65,0,0,0,0,0,0,0,0,0,0,0,0,0,0,0,0,0,-77,0,0,80,8,128,74,51,65,251,251,163,0,0,0,0,-27,-26,-27,-26,-43,-43,-56,-56,-56,-56,-56,-56,-56,-56,-56,-56,-56,-56,-56,-56,-64,-64,-64,-64,-64,-64,-64,-64,-64,-64,-64,-64,-64,0,-64,-64,-78,-64,-78,-78,-78,-78,-78,-64,-29976,-29977,-29989,-29989,-29989,-29988,-29988,-29989,-29989,-64,-64,0,-29989,-78,-78,-78,-78,-78,-78,-78,-78,-64,-64,-64,-64,-64,-64,-64,-64,-64,-78,0,-64,0,-64,-64,-64,-64,-64,0,-64,-64,-64,-64,-71,-78,-78,-8,-8]} 1. Nf3 Nf6 2. c4 b6 3. d4 e6 4. a3 Bb7 5. Bf4 Be7 6. Nc3 Ne4 7. Nxe4 Bxe4 8. e3 d6 9. Bd3 Bxd3 10. Qxd3 Nd7 11. O-O O-O 12. e4 a5 {E12: Queen's Indian: Unusual White 4th moves, 4 a3, 4 Nc3 Bb7 5 a3 and 4 Nc3 Bb7} 13. b4 (13. b3 Qc8 14. Rad1 Qb7 15. Rfe1 Rad8 16. d5 Bf6 17. Qc2 h6 18. h3 Rfe8 19. Nh2 b5 20. dxe6 Rxe6 21. cxb5 {1-0 (37) Wojtaszek,R (2727)-Efimenko,Z (2641) Porto Carras 2018}) 13... Qc8 14. d5 $146 ({Predecessor:} 14. Bd2 axb4 15. axb4 {½-½ (32) Santarius,E (2314)-Gurevich,D (2465) Brownsville 2016}) 14... e5 15. Bd2 axb4 16. axb4 c6 17. Be3 Qb7 18. dxc6 Qxc6 19. Qd5 (19. Nd2 $14) 19... Qxd5 $11 20. cxd5 Rfc8 21. Nd2 Bd8 22. Rxa8 Rxa8 23. Rc1 Kf8 24. Kf1 Ke7 25. Rc6 b5 26. Ke2 Ra4 27. Kd3 Rxb4 28. Ra6 $1 Nc5+ 29. Bxc5 $1 dxc5 {[%mdl 4096] Endgame KRB-KRN} 30. Ra7+ Kd6 31. Rxf7 $2 {[%mdl 8192]} (31. Ra6+ $11 Kd7 32. Ra7+ Bc7 33. Kc2) 31... c4+ 32. Kc2 Ra4 33. Rxg7 (33. Kb1 {might work better.} c3 34. Nb3) 33... Ra2+ $19 34. Kc1 Ba5 35. Nf3 $2 (35. Nb1 Rxf2 36. Ra7) 35... b4 $1 36. Nd2 Ra1+ 37. Kc2 b3+ 38. Nxb3 cxb3+ $2 (38... Ra2+ $19 39. Kb1 cxb3) 39. Kxb3 {KRB-KR} Re1 40. f3 h6 41. Rg6+ {[%mdl 64] Double Attack} Kc5 42. Rxh6 Kb5 43. Rc6 Re3+ 44. Kb2 Bb6 45. Rc2 (45. Kc1 $11) 45... Bd4+ $15 {[%mdl 1024] Black has compensation.} 46. Kc1 Re1+ (46... Bc3 $1 $15 47. Kb1 Ka4) 47. Kd2 $11 Rg1 48. Kd3 Rd1+ 49. Rd2 Re1 50. Re2 Rd1+ 51. Rd2 Re1 52. h4 Re3+ 53. Kc2 Kc4 54. h5 Ra3 55. Kd1 (55. g4 $11) 55... Ra1+ (55... Bc3 $1 $17 {[%cal Rc3d2]} 56. Rc2 Kd3) 56. Ke2 Rh1 (56... Bc3 $11 57. Rd1 Ra2+ 58. Kf1 Bd4) 57. Rc2+ $16 Kb3 {[#]} (57... Bc3 $1 $11 {keeps the balance.}) 58. Rc7 ({White should play} 58. Rc8 $1 {aiming for d6.} Rxh5 59. f4) 58... Rxh5 59. d6 {Threatens to win with d7.} Rh6 $2 (59... Rh8 $14) 60. d7 $18 Rd6 61. g3 $2 (61. g4 $18 {And now g5 would win.} Bc3 62. g5) 61... Kb4 $11 62. f4 Kb5 63. fxe5 Bxe5 64. g4 Kb6 65. Rc4 Rxd7 66. g5 Rg7 67. Kf3 Rxg5 68. Rc8 Rg3+ 69. Kf2 Ra3 70. Re8 Bd4+ 71. Ke2 Kc5 72. Rc8+ Kd6 73. Rd8+ Ke5 74. Re8+ Kf4 75. Kd2 Be5 76. Ke2 Kxe4 77. Ke1 Ra2 78. Re7 Kd4 79. Kf1 Ke4 80. Ke1 Kd5 81. Re8 Bd4 82. Rd8+ Kc4 83. Kf1 Rf2+ 84. Ke1 Rf7 85. Re8 $2 {[%mdl 8192] [#]} (85. Kd2 $15) 85... Kd3 $1 86. Rd8 Rf6 87. Rd7 Rf4 88. Rd8 Rf5 89. Rd7 Ke3 $2 (89... Rb5 90. Rxd4+ Kxd4 91. Kf2 Ke4 92. Kg3 Ke3 93. Kg4 Ra5 94. Kg3 Ra4 95. Kg2 Rg4+ 96. Kh3 Kf3 97. Kh2 Rh4+ 98. Kg1 Rh3 99. Kf1 Rh1#) 90. Re7+ $15 Kd3 91. Rd7 Rg5 $2 (91... Rb5 {mates} 92. Kf1 Rg5 93. Rxd4+ Kxd4 94. Kf2 Ke4 95. Ke2 Rg2+ 96. Kf1 Rd2 97. Ke1 Ke3 98. Kf1 Kf3 99. Kg1 Rd1+ 100. Kh2 Re1 101. Kh3 Rh1#) 92. Rf7 $17 Rg1+ 93. Rf1 Rg2 {( -> ...Re2+)} 94. Rf8 Ra2 {[%cal Ra2a1]} 95. Kf1 Ke4 (95... Rc2 {keeps more tension.} 96. Rf3+ Ke4 97. Rf8 Rh2 98. Re8+ Kd3) 96. Re8+ Be5 97. Ke1 Rb2 98. Re7 Kd4 99. Kf1 Bf4 100. Ke1 Be5 101. Kf1 $1 Ke4 102. Ke1 $1 Rg2 103. Re8 Rg4 104. Ke2 Rg2+ 105. Ke1 $1 Kf4 106. Kd1 Ra2 107. Re7 $1 Bd4 108. Re2 Rxe2 (108... Ra3 $17) 109. Kxe2 {Accuracy: White = 57%, Black = 51%.} 1/2-1/2

[Event "SuperChess Cup Blitz 2019"]
[Site "Bucharest"]
[Date "2019.11.09"]
[Round "6.5"]
[White "Lupulescu, Constantin"]
[Black "Miron, Lucian-Costin"]
[Result "1/2-1/2"]
[WhiteElo "2525"]
[BlackElo "2432"]
[Annotator "TA"]
[PlyCount "51"]
[EventDate "2019.11.06"]
[EventType "tourn"]
[EventCountry "ROU"]
[SourceTitle "playchess.com"]
[Source "ChessBase"]
[SourceQuality "1"]

{[%evp 12,51,27,29,25,6,29,13,28,11,38,7,22,23,25,20,4,31,61,7,2,7,37,0,0,4,0,-46,-12,-5,-9,-21,-8,-86,-75,-114,0,-45,0,-121,0,-68]} 1. d4 d5 2. c4 c6 3. Nf3 Nf6 4. e3 Bf5 5. Nc3 e6 6. Nh4 Be4 7. f3 Bg6 {D12: Slav Defence: 3 Nf3 Nf6 4 e3 Bf5} 8. Bd2 (8. Qb3 Qb6 9. Nxg6 hxg6 10. Bd2 Nbd7 11. g3 Be7 12. Kf2 g5 13. Kg2 Rd8 14. Qxb6 axb6 15. a4 O-O 16. cxd5 exd5 17. Bd3 g4 {1-0 (54) Ding,L (2812)-Mamedov,R (2701) Astana 2019}) 8... Be7 9. Nxg6 hxg6 10. Qc2 a6 11. O-O-O dxc4 $146 ({Predecessor:} 11... Nbd7 12. Be1 b5 13. c5 Qc8 14. g4 Bd8 15. h4 {1-0 (36) Adly,A (2637)-Ibrahimov,R (2518) Riadh 2017}) 12. Bxc4 Nbd7 13. Kb1 b5 14. Be2 Rc8 15. Bc1 ({White should play} 15. g4 $14) 15... c5 $11 {With the idea ...cxd4.} 16. d5 exd5 17. Nxd5 (17. g4 {is more complex.} Nb6 18. g5 Nh5 19. f4 Qc7 20. Rhe1) 17... Nxd5 18. Rxd5 Qc7 19. h4 Rxh4 (19... Nf6 $5 {[%cal Rf6d5]} 20. Rdd1 Nh5 $11) 20. Rxh4 Bxh4 21. f4 Be7 22. Qd1 (22. e4 $11 {remains equal.}) 22... Nf6 $17 23. Re5 Nd7 (23... Kf8 $17 24. a4 Rb8) 24. Rd5 $1 $15 Nf6 (24... c4 $15) 25. Re5 $17 Nd7 (25... Kf8 $17 26. Bd2 Bd6) 26. Rd5 $1 {Accuracy: White = 25%, Black = 43%.} 1/2-1/2

[Event "SuperChess Cup Blitz 2019"]
[Site "Bucharest"]
[Date "2019.11.09"]
[Round "7.1"]
[White "Miron, Lucian-Costin"]
[Black "Gavrilescu, David"]
[Result "1/2-1/2"]
[WhiteElo "2432"]
[BlackElo "2274"]
[Annotator "TA"]
[PlyCount "72"]
[EventDate "2019.11.06"]
[EventType "tourn"]
[EventCountry "ROU"]
[SourceTitle "playchess.com"]
[Source "ChessBase"]
[SourceQuality "1"]

{[%evp 16,72,-6,-9,12,0,0,0,0,0,0,0,10,17,18,16,16,10,61,0,0,0,89,67,53,51,52,46,103,0,0,0,0,0,40,12,24,0,0,0,0,0,0,0,0,0,0,0,0,-98,0,0,0,0,0,0,0,0,0]} 1. d4 Nf6 2. c4 e6 3. Nc3 Bb4 4. e3 O-O 5. Bd2 d5 6. Nf3 b6 7. Bd3 Bb7 8. cxd5 exd5 9. O-O Re8 {E52: Nimzo-Indian: Rubinstein: 4...0-0 5 Nf3 d5 6 Bd3 b6} 10. Rc1 Bf8 11. Ne5 c5 12. f4 Nc6 13. Bb5 {[#]} Re6 $146 ({Predecessor:} 13... Rc8 14. Be1 cxd4 15. exd4 a6 16. Nxc6 Bxc6 17. Bxa6 {0-1 (45) Riazantsev,A (2671)-Wojtaszek,R (2749) Doha 2016}) 14. Be1 a6 15. Bxc6 Bxc6 16. Bh4 $36 {[%mdl 2048] White has good play.} Be7 (16... Bb7 $11) 17. Qf3 (17. f5 $14 Rd6 18. dxc5 bxc5 19. Nxc6 Rxc6 20. Bxf6 Bxf6 21. Qxd5) 17... Bb7 $11 18. Rfd1 Ne4 (18... Rc8 $11) 19. Bxe7 $16 Qxe7 20. Nxe4 dxe4 21. Qe2 {[#] aiming for dxc5.} f6 (21... cxd4 $1 $14 22. Rxd4 Rd8) 22. d5 ({White should try} 22. Nc4 $16) 22... Bxd5 $1 $11 23. Rxd5 {Rd7 is the strong threat.} fxe5 24. f5 Rd6 25. Qc4 Kh8 26. Rcd1 Rad8 $1 27. Qxe4 {[#] And now Rxd6 would win.} (27. h3 {is interesting.} h6 28. Kh2 Rxd5 29. Rxd5 Rxd5 30. Qxd5 b5 31. Qc6) 27... h6 28. Rxd6 Rxd6 29. Rxd6 Qxd6 {[%mdl 4096] Endgame KQ-KQ} 30. Qa8+ Kh7 31. Qxa6 Qd2 32. Kf1 (32. h3 $11 {keeps the balance.}) 32... Qxe3 (32... Qc1+ $17 33. Kf2 Qxb2+ 34. Qe2 Qxe2+ 35. Kxe2 e4) 33. Qxb6 {The position is equal.} Qd3+ 34. Ke1 Qe3+ 35. Kf1 Qd3+ 36. Ke1 Qe3+ {Accuracy: White = 58%, Black = 50%.} 1/2-1/2

[Event "SuperChess Cup Blitz 2019"]
[Site "Bucharest"]
[Date "2019.11.09"]
[Round "7.2"]
[White "David, Alexandru-Vasile"]
[Black "Lupulescu, Constantin"]
[Result "1/2-1/2"]
[WhiteElo "2361"]
[BlackElo "2525"]
[Annotator "TA"]
[PlyCount "90"]
[EventDate "2019.11.06"]
[EventType "tourn"]
[EventCountry "ROU"]
[SourceTitle "playchess.com"]
[Source "ChessBase"]
[SourceQuality "1"]

{[%evp 21,90,37,39,25,42,-14,-7,0,-15,-33,0,0,0,-43,-47,-63,-65,-70,-53,-74,-90,-137,-27,-78,-15,-104,28,-79,-58,-62,-58,-205,-220,-205,17,26,166,176,161,14,30,-70,-82,-147,-145,-142,-25,-32,-35,-39,0,0,0,0,0,0,-1,-8,-8,-8,-9,-10,0,0,0,0,0,0,0,0,0]} 1. d4 Nf6 2. c4 e6 3. Nc3 Bb4 4. e3 O-O 5. Bd3 d5 6. a3 Bxc3+ 7. bxc3 c5 8. cxd5 Qxd5 9. Nf3 b6 10. Qe2 Bb7 11. O-O Nbd7 12. Bb2 {E49: Nimzo-Indian: Rubinstein: 5 Bd3 d5 6 a3 Bxc3+ 7 bxc3} Rac8 13. Rad1 $146 (13. c4 $14 Qd6 14. Ne5) ({Predecessor:} 13. a4 Rfd8 14. Rfd1 c4 15. Bc2 Nf8 16. Ne1 a6 17. f3 b5 18. e4 Qd7 19. g4 Qc7 {1-0 (39) Milov,V (2604)-Mateo,R (2417) Linares 2001}) 13... c4 $11 14. Bc2 Ne4 15. Ne1 f5 16. f3 Nef6 17. g3 g6 18. Ng2 e5 19. dxe5 Qxe5 20. Nf4 Rfe8 $36 {[%mdl 2048] White is under strong pressure.} 21. Rfe1 g5 (21... Qb5 $17 22. Bc1 Qa5) 22. Ng2 (22. Nh5 $11) 22... g4 (22... Qb5 $17 23. Bc1 Ne5) 23. Nh4 (23. fxg4 $11 fxg4 24. Nh4) 23... b5 (23... f4 $17 24. fxg4 (24. gxf4 $2 Qh5 $19) 24... fxg3) 24. Qf2 (24. f4 $11 {remains equal.} Qc7 25. Bxf5) 24... gxf3 {[#] And now ...Ng4 would win.} 25. Nxf3 Qc5 {...Ng4 is the strong threat.} 26. Nd4 (26. Bc1 $15) 26... Qd5 $19 {[%csl Gb7][%cal Rd5h1]} 27. e4 Nxe4 $2 ({Black should try} 27... fxe4 $19 {Hoping for ...e3!} 28. h3 {[#]} e3 $1 {[%mdl 512]}) 28. Qxf5 $11 Ng5 (28... Ndc5 $11 {and Black has nothing to worry.}) 29. Qxd5+ $18 Bxd5 30. h4 ({White should play} 30. Bc1 $18 Nf7 31. Bf5 (31. Nxb5 Rxe1+ 32. Rxe1 Nde5 $16) 31... Rxe1+ 32. Rxe1) 30... Nh3+ $11 31. Kh2 (31. Kf1 $1 $11) 31... Nf2 $15 32. Rxe8+ (32. Rb1 $142) 32... Rxe8 $17 33. Rf1 Nd3 (33... Ng4+ $17 34. Kh3 Ne3) 34. Bc1 $1 $11 Nxc1 35. Rxc1 a6 36. a4 {The position is equal.} Nc5 37. axb5 axb5 38. Rb1 Nb3 39. Bxb3 cxb3 40. Nxb3 {[%mdl 4096] Endgame KRB-KRN} Re2+ 41. Kg1 $1 Re3 42. Nd4 Rxg3+ 43. Kf2 Rg2+ 44. Ke3 Rg3+ 45. Kf4 Rxc3 {Accuracy: White = 27%, Black = 35%.} 1/2-1/2

[Event "SuperChess Cup Blitz 2019"]
[Site "Bucharest"]
[Date "2019.11.09"]
[Round "7.3"]
[White "Istratescu, Andrei"]
[Black "Parligras, Mircea-Emilian"]
[Result "1/2-1/2"]
[WhiteElo "2604"]
[BlackElo "2458"]
[Annotator "TA"]
[PlyCount "104"]
[EventDate "2019.11.06"]
[EventType "tourn"]
[EventCountry "ROU"]
[SourceTitle "playchess.com"]
[Source "ChessBase"]
[SourceQuality "1"]

{[%evp 19,104,0,12,0,3,2,1,0,0,0,13,0,18,17,25,14,13,16,15,20,28,11,8,0,4,6,6,0,0,0,0,0,11,0,0,0,6,4,25,7,25,25,36,9,10,10,10,10,10,10,17,10,10,10,10,4,10,0,10,0,0,0,19,18,25,0,0,0,0,0,0,0,0,0,0,0,0,0,0,0,0,0,0,0,0,0,0]} 1. e4 e5 2. Nf3 Nc6 3. Bb5 Nf6 4. O-O Nxe4 5. d4 Nd6 6. dxe5 Nxb5 7. a4 Nbd4 8. Nxd4 Nxd4 9. Qxd4 d5 10. exd6 Qxd6 11. Qe3+ {C67: Ruy Lopez: Berlin Defence: 4 0-0 Nxe4} Be6 (11... Be7 12. Nc3 c6 13. Re1 Be6 14. Ne4 Qe5 15. Bd2 O-O 16. Bc3 Qf5 17. Qg3 Qg6 18. Qc7 Bd5 19. Qxe7 {½-½ (41) Inarkiev,E (2682)-Vitiugov,N (2728) Izhevsk 2019}) 12. Nc3 {With the idea Nb5.} a6 13. Ne4 Qc6 14. Ng5 Be7 $146 (14... Bc5 {looks sharper.} 15. Qe5 O-O 16. Nxe6 fxe6 17. Be3 Be7) ({Predecessor:} 14... Bc5 15. Qc3 O-O 16. Nxe6 fxe6 17. Be3 Bxe3 18. Qxe3 Qxc2 19. Qxe6+ {½-½ (43) Wallner,J (2309)-Neubauer,M (2433) Zwettl 2012}) 15. Nxe6 Qxe6 16. Qxe6 fxe6 17. Re1 Kf7 18. Bf4 Bf6 19. c3 c6 20. Kf1 Rad8 21. Ke2 Rd5 22. Be3 Rhd8 23. g3 h5 24. Rec1 R8d7 25. Rc2 Rd8 26. Rd2 Rxd2+ 27. Bxd2 $11 {[%mdl 4096] Endgame KRB-KRB} Rd5 28. Be3 Ke7 29. Rc1 Ra5 30. b3 {[%cal Bb2b3,Bb3b4][%mdl 32]} Rd5 31. b4 (31. c4 $5 {[%cal Rc4d5]} Rd7 32. h4 $11) 31... b5 32. c4 bxc4 $1 33. Rxc4 Kd7 34. h3 Kc7 35. g4 hxg4 36. hxg4 Kd7 37. f4 g6 38. Rc1 g5 39. fxg5 Bxg5 40. Rc5 Be7 41. Rc4 Bg5 42. Bxg5 (42. Bc5 {with more complications.} Ke8 43. Kf3 Rd1 44. Rd4 Rf1+ 45. Ke2) 42... Rxg5 {KR-KR. The position is equal.} 43. Kf3 e5 44. Kg3 Rg8 45. Kh4 Kd6 46. g5 Kd5 47. Rc5+ Kd6 48. Kh5 Rh8+ 49. Kg4 {Strongly threatening g6.} Rb8 50. Rc4 Kd5 51. Rc5+ Kd6 52. Rc4 {[#] And now g6 would win.} Kd5 {Accuracy: White = 57%, Black = 65%.} 1/2-1/2

[Event "SuperChess Cup Blitz 2019"]
[Site "Bucharest"]
[Date "2019.11.09"]
[Round "7.4"]
[White "Cosma, Elena-Luminita"]
[Black "Peptan, Corina-Isabela"]
[Result "1/2-1/2"]
[WhiteElo "2199"]
[BlackElo "2334"]
[Annotator "TA"]
[PlyCount "69"]
[EventDate "2019.11.06"]
[EventType "tourn"]
[EventCountry "ROU"]
[SourceTitle "playchess.com"]
[Source "ChessBase"]
[SourceQuality "1"]

{[%evp 14,69,18,16,54,26,69,77,143,138,160,100,123,60,131,122,135,0,15,14,32,14,10,12,79,77,87,54,60,0,0,0,0,0,0,0,0,0,0,0,0,0,0,0,0,0,0,-4,0,-13,-16,-15,-12,-18,-4,-12,0,-44]} 1. d4 Nf6 2. Nf3 e6 3. g3 b6 4. Bg2 Bb7 5. O-O c5 6. c4 cxd4 7. Qxd4 Nc6 8. Qf4 Qb8 {A30: Symmetrical English: Double Fianchetto and Hedgehog} (8... Ne7 9. Nc3 Ng6 10. Qd2 Bb4 11. Qd3 O-O 12. Bd2 Rc8 13. Rac1 a6 14. b3 Ba3 15. Rcd1 d5 16. cxd5 Nxd5 17. Nxd5 Qxd5 18. Qxd5 Bxd5 {0-1 (59) Melkumyan,H (2660)-Iturrizaga Bonelli,E (2636) chess.com INT 2018}) 9. Nc3 Qxf4 10. Bxf4 d6 (10... Be7 $142) 11. Rfd1 O-O-O 12. Rac1 $146 (12. Nb5 $142 $1) ({Predecessor:} 12. Ng5 Rd7 13. Nb5 Ne8 14. Bh3 Kb8 15. Ne4 Na5 16. Nexd6 Bxd6 17. Nxd6 Nxd6 18. Rxd6 Rxd6 19. Bxd6+ {1-0 (52) Kurajica,B (2524)-Baturina,A (2111) Bol 2011}) 12... h6 13. h4 (13. Nb5 $16) 13... Kb8 {[#]} ({Better is} 13... Nh5 $14) 14. Nb5 $1 $16 Ne8 {[#]} 15. Nc3 ({White should play} 15. b4 $1 $16) 15... Be7 16. Be3 Nf6 17. Nd4 Nxd4 18. Bxd4 Rc8 (18... g5 $1 $11) 19. b3 Rhd8 20. Bxb7 Kxb7 21. Nb5 (21. Kg2 $14) 21... a6 $11 {The position is equal.} 22. Bxf6 gxf6 23. Nd4 $1 f5 24. e3 Bf6 25. Ne2 Rd7 26. Nd4 d5 27. cxd5 Rxc1 28. Rxc1 Rxd5 {[%mdl 4096] Endgame KRB-KRN} 29. Nf3 $1 Rd6 30. Kf1 Rc6 31. Rxc6 Kxc6 32. Ke2 Kd5 33. Kd3 b5 34. Nd2 Bg7 35. f4 {Accuracy: White = 42%, Black = 38%.} 1/2-1/2

[Event "SuperChess Cup Blitz 2019"]
[Site "Bucharest"]
[Date "2019.11.09"]
[Round "7.5"]
[White "Georgescu, Tiberiu-Marian"]
[Black "Deac, Bogdan-Daniel"]
[Result "0-1"]
[WhiteElo "2373"]
[BlackElo "2544"]
[Annotator "TA"]
[PlyCount "72"]
[EventDate "2019.11.06"]
[EventType "tourn"]
[EventCountry "ROU"]
[SourceTitle "playchess.com"]
[Source "ChessBase"]
[SourceQuality "1"]

{[%evp 12,72,1,-11,23,-11,-14,-67,-56,-181,-177,-232,-227,-243,-252,-236,-259,-247,-231,-279,-256,-267,-255,-417,-425,-472,-475,-475,-474,-469,-461,-530,-530,-530,-530,-530,-528,-504,-413,-510,-505,-531,-534,-564,-562,-683,-675,-863,-863,-863,-852,-827,-827,-828,-813,-939,-829,-1263,-1263,-1256,-1129,-1096,-1073]} 1. d4 d5 2. c4 e6 3. Nc3 c6 4. e4 Bb4 5. Bd2 dxc4 6. Nf3 b5 7. a4 Bxc3 {D31: Queen's Gambit Declined: Semi-Slav without ...Nf6 (+ Marshall Gambit and Noteboom) and Exchange Variation lines without ...Nf6} (7... a5 8. axb5 {½-½ (8) Stupak,K (2560)-Kotsur,P (2552) Tashkent 2017}) 8. Bxc3 (8. bxc3 {is more complex.} Ne7 9. Be2 O-O 10. O-O a6 11. Qc2) 8... Nf6 9. axb5 (9. Qc2 $1 $11) 9... cxb5 $15 {Black is slightly better.} 10. Qc2 {[#]} (10. Ba5 $15 Qe7 11. e5) 10... Bb7 $1 $19 11. d5 (11. e5 $142 Nd5 12. Be2) 11... exd5 12. Rd1 $146 ({Predecessor:} 12. exd5 Bxd5 13. Rd1 Qe7+ 14. Be2 Bxf3 15. gxf3 Nbd7 {1-0 (33) Hope,I-Gillies,C Edinburgh 2015}) 12... O-O 13. exd5 Nxd5 14. Be2 Qb6 15. Bd4 Qg6 16. Qxg6 hxg6 17. O-O $2 (17. Be3 {was called for.}) 17... Nf4 18. Rfe1 Nxe2+ 19. Rxe2 Bxf3 20. gxf3 Rd8 21. Rdd2 Nc6 22. Bc5 Rxd2 23. Rxd2 {[%mdl 4096] Endgame KRB-KRN} Ne5 24. Rd5 Nxf3+ 25. Kg2 Ne1+ {Black is clearly winning.} 26. Kg3 Nd3 27. Bd4 b4 28. Rd7 a5 {[%cal Ba7a5,Ba5a4,Ba4a3][%mdl 32]} 29. Rc7 {[#]} c3 $1 30. bxc3 b3 {And now ...b2 would win.} 31. Rb7 a4 32. c4 Rc8 33. c5 Nxc5 34. Rb4 a3 35. Bxc5 Rxc5 36. Rxb3 Ra5 {Accuracy: White = 25%, Black = 87%.} 0-1